[Event "Seniorentoernooi 2016"]
[Site "?"]
[Date "2016.07.22"]
[Round "6"]
[White "De Ruijter, Luuk"]
[Black "Schouten, Nico"]
[Result "1-0"]
[WhiteElo "2152"]
[BlackElo "2117"]
[PlyCount "125"]
[EventDate "2016.??.??"]

1. d4 Nf6 2. Nf3 g6 3. g3 Bg7 4. Bg2 O-O 5. O-O c5 6. c4 Na6 7. Nc3 d6 8. d5
Nc7 9. a4 Rb8 10. Qc2 a6 11. a5 b5 12. axb6 Na8 13. b7 Rxb7 14. e4 Rb4 15. Nd2
Nc7 16. b3 Bd7 17. Bb2 Qc8 18. Ne2 Nfe8 19. Bxg7 Nxg7 20. Nf4 Rb8 21. Nd3 Qb7
22. f4 Qb6 23. Qa2 Ra8 24. Qa5 Rfb8 25. Rfb1 Nge8 26. h3 Ra7 27. Kh2 Qxa5 28.
Rxa5 Rab7 29. g4 Kg7 30. Kg3 Bc8 31. Bf3 Rb6 32. h4 f6 33. e5 e6 34. exd6 Rxd6
35. Rxc5 exd5 36. cxd5 Bb7 37. Nc4 Rd7 38. Nb4 Ba8 39. Nc6 Rb5 40. Rxb5 axb5
41. Nb6 Bxc6 42. dxc6 Rd3 43. Kf2 Kf7 44. Rb2 Ke6 45. Re2+ Kd6 46. b4 Rxf3+ 47.
Kxf3 Kxc6 48. Na8 Kd6 49. Nxc7 Nxc7 50. Ke4 Na6 51. Rb2 Ke6 52. f5+ gxf5+ 53.
gxf5+ Kd6 54. Kd4 Nb8 55. Rb3 Nc6+ 56. Ke4 h5 57. Rd3+ Ke7 58. Rd5 Nxb4 59.
Rxb5 Nc6 60. Rb7+ Ke8 61. Kd5 Nd8 62. Rb8 Ke7 63. Rxd8 1-0

[Event "Seniorentoernooi 2016"]
[Site "Dieren, "]
[Date "2016.07.22"]
[Round "6"]
[White "Van den Berg, Ad"]
[Black "Selten, Jan"]
[Result "0-1"]
[WhiteElo "2180"]
[BlackElo "2080"]
[PlyCount "135"]
[EventDate "2016.??.??"]

1. c4 Nf6 2. Nc3 e5 3. Nf3 Nc6 4. d4 exd4 5. Nxd4 Bb4 6. Bg5 O-O 7. Rc1 h6 8.
Bh4 Re8 9. e3 Ne5 10. Bd3 Ng6 11. Bxg6 fxg6 12. O-O Bxc3 13. Rxc3 g5 14. Bg3
Ne4 15. Rc1 d6 16. Re1 Qf6 17. Nb5 Qf7 18. Qd5 Re7 19. Qxf7+ Kxf7 20. f3 Nxg3
21. hxg3 b6 22. Kf2 g4 23. e4 Bb7 24. Nd4 Rae8 25. Nf5 Re5 26. Ne3 gxf3 27.
gxf3 a5 28. Nd5 Bxd5 29. cxd5 R8e7 30. Rc4 Ke8 31. g4 Rg5 32. Rec1 Kd8 33. Kg3
Rge5 34. Rh1 Kd7 35. a3 Ke8 36. b4 axb4 37. axb4 Kd7 38. b5 Re8 39. Ra1 g5 40.
Ra7 Rc8 41. Rc6 Kd8 42. Rc2 Kd7 43. Rh2 Rh8 44. Ra1 Re7 45. Kf2 Rf7 46. Ke2 Ke7
47. Ra3 Kf6 48. Rh5 Ke5 49. Ke3 Rhf8 50. Kf2 Rf6 51. Kg3 Kd4 52. Rh1 R8f7 53.
Rc1 Rf4 54. Rac3 R4f6 55. Rc4+ Ke5 56. R1c3 Rf4 57. Kg2 R4f6 58. Rd3 Rf4 59.
Ra4 h5 60. gxh5 g4 61. Ra8 gxf3+ 62. Kf2 Kxe4 63. Rd1 Kf5 64. Rh1 Rb4 65. h6
Rb2+ 66. Kxf3 Kg6+ 67. Ke4 Kh7 68. Re8 0-1

[Event "Seniorentoernooi 2016"]
[Site "Dieren, "]
[Date "2016.07.22"]
[Round "6"]
[White "Van Lanen, Toon"]
[Black "Gielen, Wim"]
[Result "1-0"]
[WhiteElo "2106"]
[BlackElo "1877"]
[PlyCount "104"]
[EventDate "2016.??.??"]

1. e4 c5 2. Nc3 Nc6 3. g3 g6 4. Bg2 Bg7 5. d3 d6 6. Be3 Nf6 7. h3 O-O 8. Nge2
e5 9. O-O Nd4 10. Rb1 Bd7 11. a3 b5 12. b4 Rb8 13. f4 Nh5 14. f5 Bf6 15. g4 Ng7
16. Qd2 Bh4 17. Nd5 f6 18. Nc1 Rf7 19. c3 Nc6 20. bxc5 dxc5 21. Bxc5 Bg5 22.
Qa2 Qa5 23. Ne2 Ne8 24. Qb3 Qd8 25. Qa2 Qa5 26. Kh1 a6 27. Rb2 Qd8 28. Rfb1 Na5
29. a4 Bc6 30. axb5 axb5 31. Ra1 Bxd5 32. Qxd5 Qc7 33. Bf2 Nd6 34. Rba2 Nc6 35.
Ra8 Kg7 36. Rxb8 Nxb8 37. Ra7 Qc6 38. Qxc6 Nxc6 39. Ra6 Rc7 40. Rb6 Bd2 41. Bc5
Nf7 42. Rxb5 Rd7 43. d4 exd4 44. cxd4 Be3 45. Rb3 Bf2 46. Rf3 Be1 47. Rf1 Bh4
48. e5 Ncxe5 49. dxe5 Nxe5 50. Nf4 Rd2 51. Rb1 gxf5 52. gxf5 Bg3 1-0

[Event "Seniorentoernooi 2016"]
[Site "Dieren, "]
[Date "2016.07.22"]
[Round "6"]
[White "Vogel, Jaap"]
[Black "Jonkman, Fokke"]
[Result "0-1"]
[WhiteElo "2083"]
[BlackElo "2074"]
[PlyCount "78"]
[EventDate "2016.??.??"]

1. d4 c5 2. d5 g6 3. e4 Bg7 4. Nf3 Nf6 5. Nc3 O-O 6. Be2 d6 7. O-O e6 8. Nd2
Na6 9. Nc4 exd5 10. exd5 Nc7 11. a4 Re8 12. Bg5 h6 13. Bh4 g5 14. Bg3 Ne4 15.
Nxe4 Rxe4 16. c3 Bf8 17. Bd3 Re8 18. Ne3 Qf6 19. Bc2 b6 20. Qd3 Bg7 21. Rfe1
Kf8 22. Qh7 Rd8 23. Rad1 Ne8 24. Bd3 a6 25. Nc4 Rb8 26. Re3 Bd7 27. Rde1 b5 28.
axb5 axb5 29. Rf3 bxc4 30. Rxf6 cxd3 31. Rxd6 d2 32. Rd1 Rxb2 33. Rxd7 Rxd7 34.
h4 Rxd5 35. hxg5 hxg5 36. c4 Nf6 37. Qxg7+ Kxg7 38. cxd5 Rc2 39. Kf1 Ne4 0-1

[Event "Seniorentoernooi 2016"]
[Site "Dieren, "]
[Date "2016.07.22"]
[Round "6"]
[White "Etmans, Maarten"]
[Black "Markus, John"]
[Result "1/2-1/2"]
[WhiteElo "2063"]
[BlackElo "1973"]
[PlyCount "43"]
[EventDate "2016.??.??"]

1. e4 e5 2. d3 Nc6 3. Nf3 Nf6 4. g3 Bc5 5. Bg2 d6 6. O-O h6 7. c3 a6 8. d4 Ba7
9. dxe5 dxe5 10. Qxd8+ Kxd8 11. Nbd2 Be6 12. b3 Nd7 13. Rd1 Ke8 14. Bf1 f6 15.
Bc4 Bxc4 16. Nxc4 Nc5 17. Re1 Nd3 18. Re2 Nxc1 19. Rxc1 Rd8 20. Ne3 Bxe3 21.
Rxe3 Kf7 22. Kf1 1/2-1/2

[Event "Seniorentoernooi 2016"]
[Site "Dieren, "]
[Date "2016.07.22"]
[Round "6"]
[White "Arp, Frans"]
[Black "Huysman, Arie"]
[Result "0-1"]
[WhiteElo "2002"]
[BlackElo "1980"]
[PlyCount "111"]
[EventDate "2016.??.??"]

1. e4 e5 2. Nf3 Nc6 3. Bb5 a6 4. Ba4 Nf6 5. O-O b5 6. Bb3 Be7 7. Re1 O-O 8. a4
Bb7 9. c3 d6 10. d4 Nd7 11. Nbd2 Bf6 12. Nf1 Na5 13. Bc2 c5 14. d5 Re8 15. Ne3
Nf8 16. b4 cxb4 17. cxb4 Nc4 18. Nxc4 bxc4 19. Be3 Bc8 20. a5 Bd7 21. Ba4 Qc7
22. Bb6 Qb7 23. Rc1 Rac8 24. Rc3 Bd8 25. Bc6 Bxc6 26. dxc6 Qxc6 27. Bxd8 Rexd8
28. Qd5 Qxd5 29. exd5 Nd7 30. Rd1 Nf6 31. Ne1 Rd7 32. f3 Rb7 33. Nc2 Rb5 34.
Ne3 Rxb4 35. Nf5 Rc5 36. Nxd6 Rxd5 37. Rxd5 Nxd5 38. Rxc4 Rxc4 39. Nxc4 f6 40.
Nb6 Nb4 41. Kf2 Kf7 42. Ke2 Ke6 43. Kd2 Nc6 44. Nc4 Kd5 45. Kc3 Kc5 46. h3 Nd4
47. Kd3 Nf5 48. g4 Nd6 49. Nb6 Kc6 50. h4 g6 51. h5 f5 52. Ke3 Nb7 53. Nc4 Kd5
54. Nb6+ Kc6 55. Nc4 Kd5 56. Kd3 0-1

[Event "Seniorentoernooi 2016"]
[Site "Dieren, "]
[Date "2016.07.22"]
[Round "6"]
[White "Van Wageningen, Arie"]
[Black "Hoogland, Dirk"]
[Result "0-1"]
[WhiteElo "2023"]
[BlackElo "2151"]
[PlyCount "112"]
[EventDate "2016.??.??"]

1. Nf3 c5 2. c4 Nc6 3. Nc3 g6 4. g3 Bg7 5. Bg2 e6 6. O-O Nge7 7. d3 O-O 8. Bg5
h6 9. Bd2 Kh7 10. Rc1 Rb8 11. a3 d6 12. Rb1 Qd7 13. b4 b6 14. e3 Bb7 15. Qe2 f5
16. Rfd1 e5 17. Nd5 Nd8 18. e4 Ne6 19. Rf1 Rf7 20. Rbe1 Rbf8 21. Qd1 Nd4 22.
Nxd4 cxd4 23. Qb3 Nxd5 24. exd5 g5 25. Qd1 Bc8 26. a4 Kg8 27. f4 g4 28. c5 bxc5
29. bxc5 Qc7 30. cxd6 Qxd6 31. fxe5 Bxe5 32. Bf4 Re7 33. Bd2 Rfe8 34. Qc1 Rc7
35. Qb2 Rb7 36. Qc2 Bd7 37. Qa2 Kh7 38. Rb1 Reb8 39. Rxb7 Rxb7 40. Bc1 Kg6 41.
Ba3 Qa6 42. d6 Rb8 43. Qd5 Bf6 44. Qc4 Qxc4 45. dxc4 Bxa4 46. c5 Rb3 47. c6
Bxc6 48. Bxc6 Rxa3 49. Be8+ Kg5 50. d7 d3 51. Rd1 Bd8 52. Kf1 f4 53. Rb1 f3 54.
Rb5+ Kf6 55. Kf2 d2 56. Rd5 Bb6+ 0-1

[Event "Seniorentoernooi 2016"]
[Site "Dieren, "]
[Date "2016.07.22"]
[Round "6"]
[White "Klein Douwel, John"]
[Black "Perrenet, Jacob"]
[Result "0-1"]
[WhiteElo "1902"]
[BlackElo "2103"]
[PlyCount "122"]
[EventDate "2016.??.??"]

1. d4 Nc6 2. e3 e5 3. c4 Nf6 4. Nc3 d6 5. d5 Nb8 6. e4 Be7 7. Bd3 Nbd7 8. Nge2
a5 9. Ng3 Nc5 10. O-O O-O 11. f3 Ne8 12. Bc2 Bg5 13. a3 g6 14. Rb1 Ng7 15. b4
axb4 16. axb4 Nd7 17. Bxg5 Qxg5 18. Qc1 Qe7 19. Ra1 Rxa1 20. Qxa1 h5 21. Nge2
Nf6 22. Qc1 Kh7 23. Nd1 h4 24. Nf2 Ngh5 25. Qg5 Nxd5 26. Qxe7 Nxe7 27. Ra1 Be6
28. Bd3 Nc6 29. b5 Nb4 30. Rc1 b6 31. Nc3 Nf4 32. Bf1 Ra8 33. g3 hxg3 34. hxg3
Nh5 35. Kg2 Nf6 36. Nfd1 Na2 37. Rc2 Nxc3 38. Nxc3 Nd7 39. g4 Nc5 40. Kg3 Ra3
41. Be2 Nb3 42. Ra2 Rxa2 43. Nxa2 Nd4 44. Bf1 Nxb5 45. Nb4 c5 46. Nc2 Nd4 47.
Ne3 Kg7 48. g5 Kf8 49. f4 exf4+ 50. Kxf4 Nc6 51. Be2 Ne5 52. Kg3 Ke7 53. Kf2 f6
54. gxf6+ Kxf6 55. Kg3 g5 56. Bf1 Nc6 57. Bh3 Bxh3 58. Nd5+ Ke5 59. Kxh3 Kxe4
60. Nxb6 Ne5 61. Kg3 Kd4 0-1

[Event "Seniorentoernooi 2016"]
[Site "Dieren, "]
[Date "2016.07.22"]
[Round "6"]
[White "Holscher, Peter"]
[Black "Landsbergen, Ron"]
[Result "0-1"]
[WhiteElo "2079"]
[BlackElo "1952"]
[PlyCount "98"]
[EventDate "2016.??.??"]

1. d4 Nf6 2. Nc3 d5 3. Bg5 g6 4. Bxf6 exf6 5. e3 c6 6. Bd3 b5 7. a3 Bd6 8. Qf3
f5 9. h3 h5 10. Nge2 Qe7 11. a4 b4 12. Nb1 Nd7 13. c4 Nf6 14. cxd5 cxd5 15. Nd2
Ne4 16. Nb3 Be6 17. Bb5+ Kf8 18. Nf4 Rc8 19. Nxe6+ Qxe6 20. Qe2 Kg7 21. O-O Rc7
22. Rac1 Rhc8 23. Ba6 Rxc1 24. Rxc1 Rxc1+ 25. Nxc1 f4 26. Bd3 fxe3 27. Qxe3 Qf6
28. Ne2 Qe7 29. Bb5 Qc7 30. Bd3 Nf6 31. Qg5 Qe7 32. Kf1 Qc7 33. g4 hxg4 34.
hxg4 Qd7 35. f3 Qxa4 36. Qc1 Qb3 37. Qd2 a5 38. Kg2 Qa4 39. g5 Nh5 40. Bc2 Qd7
41. b3 Qe6 42. Bd3 Bc7 43. Qc1 Qd6 44. Qh1 Qe7 45. Qc1 Bf4 46. Qc8 Qe3 47. Bb5
Bxg5 48. Qd7 Bh4 49. Qxd5 Qxe2+ 0-1

[Event "Seniorentoernooi 2016"]
[Site "Dieren, "]
[Date "2016.07.22"]
[Round "6"]
[White "Goossen, Theo"]
[Black "Fassaert, Désiré"]
[Result "1-0"]
[WhiteElo "1991"]
[BlackElo "1924"]
[PlyCount "155"]
[EventDate "2016.??.??"]

1. e4 c6 2. d4 d5 3. f3 e6 4. Nc3 Bb4 5. Qd3 Nd7 6. Nge2 b5 7. a3 Ba5 8. Bf4
Ne7 9. g3 Ng6 10. Bd2 Bc7 11. Bg2 Nb6 12. O-O O-O 13. e5 a5 14. h4 Ba6 15. b4
Nc4 16. h5 Nb2 17. Qe3 Nc4 18. Qg5 h6 19. Qxd8 Raxd8 20. hxg6 Nxd2 21. Rfd1 Nc4
22. gxf7+ Rxf7 23. Kf2 Bc8 24. Nf4 g5 25. Nd3 Bb6 26. Ne2 a4 27. c3 Rdf8 28.
Rh1 Kg7 29. Ra2 Rh8 30. g4 Kf8 31. Ng3 Bd8 32. Nh5 Be7 33. Bf1 Ke8 34. Nc5 Rhf8
35. Rh3 Kd8 36. Bd3 Rg8 37. Bxc4 dxc4 38. Ne4 Rg6 39. Ke3 Bd7 40. Rah2 Bf8 41.
Nef6 Bc8 42. Ng3 Bd7 43. Nge4 Be8 44. Rf2 Bd7 45. Rh1 Bc8 46. f4 gxf4+ 47. Rxf4
Be7 48. Rhf1 Bd7 49. Kf3 Be8 50. Kg3 Rfg7 51. Nc5 Bxc5 52. bxc5 Ke7 53. Rh1 Rf7
54. Nh5 Rxf4 55. Kxf4 Rg8 56. Nf6 Rh8 57. Rxh6 Rxh6 58. Ng8+ Kf7 59. Nxh6+ Kg7
60. g5 b4 61. cxb4 c3 62. Ke3 Kg6 63. Kd3 Kxg5 64. Ng8 Kf4 65. Kxc3 Bg6 66. Nf6
Ke3 67. b5 cxb5 68. c6 b4+ 69. axb4 Bd3 70. Ng4+ Ke2 71. c7 Ba6 72. b5 Bc8 73.
Nf6 a3 74. d5 exd5 75. Nxd5 a2 76. Kb2 Kd3 77. Ne7 Bb7 78. c8=Q 1-0

[Event "Seniorentoernooi 2016"]
[Site "Dieren, "]
[Date "2016.07.22"]
[Round "6"]
[White "Seeleman, Jan"]
[Black "Wagenaar, Harm Theo"]
[Result "1/2-1/2"]
[WhiteElo "1943"]
[BlackElo "1900"]
[PlyCount "91"]
[EventDate "2016.??.??"]

1. e4 e6 2. d4 d5 3. Nc3 dxe4 4. Nxe4 Bd7 5. Nf3 Bc6 6. Bd3 Nd7 7. O-O Ngf6 8.
Nxf6+ Qxf6 9. Be2 h6 10. Be3 Bd6 11. c4 Bxf3 12. Bxf3 c6 13. b4 Rc8 14. Rb1 O-O
15. c5 Bb8 16. b5 e5 17. bxc6 bxc6 18. Qa4 exd4 19. Qxd4 Ne5 20. Be2 Rfd8 21.
Qa4 Ng6 22. Rb4 Re8 23. Rd1 Rcd8 24. Rbd4 Rxd4 25. Qxd4 Qe7 26. Bc4 Bc7 27. Rb1
Rd8 28. Qc3 Ne5 29. Be2 Qf6 30. Rc1 Qg6 31. Rd1 Re8 32. Rd4 Qf6 33. Qd2 Ng6 34.
g3 Qe5 35. Bf3 Qf6 36. Bg2 Nf8 37. Ra4 Rd8 38. Qc1 Bb8 39. Ra6 Rc8 40. h4 Ng6
41. Qc4 Ne7 42. Bd4 Qf5 43. Kh2 Qb1 44. Ra3 Rd8 45. Re3 Nf5 46. Re4 1/2-1/2

[Event "Seniorentoernooi 2016"]
[Site "Dieren, "]
[Date "2016.07.23"]
[Round "7"]
[White "Selten, Jan"]
[Black "De Ruijter, Luuk"]
[Result "1/2-1/2"]
[WhiteElo "2080"]
[BlackElo "2152"]
[PlyCount "45"]
[EventDate "2016.??.??"]

1. e4 c5 2. Nf3 e6 3. c3 Nf6 4. e5 Nd5 5. d4 cxd4 6. cxd4 d6 7. Nc3 Nxc3 8.
bxc3 Qc7 9. Qb3 Nd7 10. Bb5 Be7 11. O-O O-O 12. Ba3 Re8 13. Rab1 dxe5 14. Bxe7
Rxe7 15. Bxd7 Rxd7 16. Nxe5 Rd8 17. f4 b6 18. Rf3 Bb7 19. Rg3 Bd5 20. Qc2 f6
21. Ng4 Kh8 22. Rh3 f5 23. Ne5 1/2-1/2

[Event "Seniorentoernooi 2016"]
[Site "Dieren, "]
[Date "2016.07.23"]
[Round "7"]
[White "Schouten, Nico"]
[Black "Jonkman, Fokke"]
[Result "1/2-1/2"]
[WhiteElo "2117"]
[BlackElo "2074"]
[PlyCount "118"]
[EventDate "2016.??.??"]

1. d4 c5 2. dxc5 e6 3. Nd2 Nf6 4. Nb3 Nc6 5. Nf3 Bxc5 6. Nxc5 Qa5+ 7. c3 Qxc5
8. e3 d5 9. Be2 O-O 10. O-O e5 11. b4 Qe7 12. b5 e4 13. bxc6 exf3 14. Bxf3 bxc6
15. Qa4 Qc7 16. Ba3 Re8 17. Rac1 Nd7 18. c4 Nb6 19. Qa5 Qb7 20. cxd5 cxd5 21.
Bc5 Be6 22. Bd4 Qd7 23. Rfd1 Qa4 24. Qc3 Rac8 25. Qa1 f6 26. Rxc8 Rxc8 27. Bxb6
axb6 28. Qb1 Qa5 29. h3 Ra8 30. Rd4 Qxa2 31. Qxb6 Bf7 32. Qd6 Qb1+ 33. Kh2 Qb8
34. Qxb8+ Rxb8 35. Bxd5 Bxd5 36. Rxd5 Rb2 37. Kg3 g6 38. Rd7 h6 39. h4 h5 40.
Kf3 Kf8 41. e4 Kg8 42. Ke3 Kf8 43. g3 Rb1 44. f4 Re1+ 45. Kf3 Kg8 46. Rd3 Kf7
47. Re3 Rf1+ 48. Ke2 Ra1 49. e5 fxe5 50. Rxe5 Ra3 51. Re3 Ra2+ 52. Kf3 Kf6 53.
g4 hxg4+ 54. Kxg4 Rg2+ 55. Rg3 Rh2 56. Rb3 Rg2+ 57. Kf3 Rh2 58. Ke4 Rxh4 59.
Rb6+ Kf7 1/2-1/2

[Event "Seniorentoernooi 2016"]
[Site "Dieren, "]
[Date "2016.07.23"]
[Round "7"]
[White "Etmans, Maarten"]
[Black "Van Lanen, Toon"]
[Result "1-0"]
[WhiteElo "2063"]
[BlackElo "2106"]
[PlyCount "69"]
[EventDate "2016.??.??"]

1. e4 d5 2. Nc3 d4 3. Nce2 e5 4. Ng3 Be6 5. Nf3 f6 6. Bb5+ c6 7. Ba4 Qa5 8. c3
Nd7 9. cxd4 Bc4 10. a3 exd4 11. b4 Qa6 12. Bb2 Ne5 13. Nxe5 fxe5 14. Qh5+ Kd7
15. Qxe5 Nf6 16. Qxd4+ Kc7 17. Rc1 b5 18. Bc2 Rd8 19. Qe3 Qb6 20. Qf3 a5 21.
Bc3 c5 22. bxa5 Qe6 23. d3 Ba2 24. O-O Bd6 25. Nf5 Be5 26. d4 cxd4 27. Bxd4 Kb7
28. Bxe5 Qxe5 29. Bb3 g6 30. Bxa2 gxf5 31. exf5+ Ka6 32. Rfe1 Qb2 33. Rc6+ Kxa5
34. Qe3 Rd7 35. Qb6+ 1-0

[Event "Seniorentoernooi 2016"]
[Site "Dieren, "]
[Date "2016.07.23"]
[Round "7"]
[White "Huysman, Arie"]
[Black "Van den Berg, Ad"]
[Result "1/2-1/2"]
[WhiteElo "1980"]
[BlackElo "2180"]
[PlyCount "64"]
[EventDate "2016.??.??"]

1. e4 c5 2. c3 g6 3. Nf3 Bg7 4. d4 cxd4 5. cxd4 d5 6. exd5 Nf6 7. Bb5+ Nbd7 8.
Nc3 O-O 9. d6 exd6 10. O-O Nb6 11. Re1 a6 12. Bf1 Nbd5 13. Nxd5 Nxd5 14. Qb3
Nf6 15. Bf4 Nh5 16. Bg5 Bf6 17. Bh6 Ng7 18. Bc4 Rb8 19. h3 Bd7 20. Bd5 Bc6 21.
Qc4 Qb6 22. b3 Bb5 23. Qb4 a5 24. Qd2 Rfe8 25. Bg5 Bxg5 26. Nxg5 Rxe1+ 27. Rxe1
Rf8 28. Re7 Be8 29. Rxb7 Qd8 30. Nf3 a4 31. b4 Bd7 32. b5 Bc8 1/2-1/2

[Event "Seniorentoernooi 2016"]
[Site "Dieren, "]
[Date "2016.07.23"]
[Round "7"]
[White "Markus, John"]
[Black "Hoogland, Dirk"]
[Result "1-0"]
[WhiteElo "1973"]
[BlackElo "2151"]
[PlyCount "95"]
[EventDate "2016.??.??"]

1. d4 Nf6 2. Nf3 e6 3. e3 b6 4. Bd3 Bb7 5. Nbd2 d6 6. O-O Nbd7 7. b3 Be7 8. Bb2
O-O 9. c4 d5 10. Qc2 Rc8 11. Rad1 h6 12. e4 dxe4 13. Nxe4 Bxe4 14. Bxe4 Nxe4
15. Qxe4 Nf6 16. Qc6 Qd6 17. Ne5 Rfe8 18. Rfe1 Rcd8 19. Qf3 Rc8 20. h3 c6 21.
Bc1 Rf8 22. Bf4 Qa3 23. Nxc6 Bd6 24. Bxd6 Qxd6 25. Nxa7 Ra8 26. Nb5 Qd7 27. a4
Nh7 28. d5 Ng5 29. Qe3 exd5 30. Rxd5 Qb7 31. Nd6 Qc6 32. Nf5 Qf6 33. Qd4 Qxd4
34. Rxd4 Rfd8 35. Red1 Rdb8 36. Rd7 Ne6 37. R7d3 Kf8 38. Re3 Rd8 39. Rd6 Rxd6
40. Nxd6 Rd8 41. Nb5 Rd1+ 42. Kh2 Rd2 43. Nc3 Rxf2 44. Nd5 Rb2 45. Nxb6 Nf4 46.
Nd7+ Kg8 47. Re8+ Kh7 48. Nf8+ 1-0

[Event "Seniorentoernooi 2016"]
[Site "Dieren, "]
[Date "2016.07.23"]
[Round "7"]
[White "Perrenet, Jacob"]
[Black "Landsbergen, Ron"]
[Result "1/2-1/2"]
[WhiteElo "2103"]
[BlackElo "1952"]
[PlyCount "65"]
[EventDate "2016.??.??"]

1. Nc3 e5 2. Nf3 Nc6 3. d4 exd4 4. Nxd4 Nf6 5. Bg5 Bc5 6. e3 O-O 7. Be2 h6 8.
Bh4 Nxd4 9. exd4 Be7 10. Qd3 d5 11. O-O-O Be6 12. Bg3 Qd7 13. Kb1 c6 14. Be5
Ng4 15. Bxg4 Bxg4 16. f3 Bf5 17. Qd2 Bb4 18. g4 Bg6 19. h4 f6 20. Bf4 Rae8 21.
Rde1 Rxe1+ 22. Rxe1 Re8 23. Be3 Re7 24. a3 Bxc3 25. Qxc3 a6 26. Bf4 Qe8 27. Re3
Rxe3 28. Bxe3 Qe7 29. Kc1 Qe8 30. Qb3 Qe7 31. c4 dxc4 32. Qxc4+ Qf7 33. Qxf7+
1/2-1/2

[Event "Seniorentoernooi 2016"]
[Site "Dieren, "]
[Date "2016.07.23"]
[Round "7"]
[White "Gielen, Wim"]
[Black "Vogel, Jaap"]
[Result "0-1"]
[WhiteElo "1877"]
[BlackElo "2083"]
[PlyCount "76"]
[EventDate "2016.??.??"]

1. f4 d5 2. Nf3 g6 3. e3 Bg7 4. Be2 Nf6 5. O-O Nc6 6. d3 Bg4 7. Nc3 O-O 8. h3
Bxf3 9. Bxf3 e5 10. e4 dxe4 11. Nxe4 Nd5 12. fxe5 Nxe5 13. c3 c6 14. d4 Nxf3+
15. Qxf3 f5 16. Nc5 Qe7 17. Bd2 Rae8 18. Rae1 Qf7 19. Qg3 b6 20. Nd3 Nf6 21.
Ne5 Qxa2 22. Qd3 Ne4 23. Bf4 Qd5 24. c4 Qd6 25. Qe3 g5 26. Bh2 c5 27. Nf3 Bxd4
28. Nxd4 Qxd4 29. Qxd4 cxd4 30. Rd1 Rd8 31. Be5 d3 32. Rf3 d2 33. Ra3 Rd7 34.
b3 Re8 35. Bb2 a5 36. Ra2 Rd3 37. b4 axb4 38. Ra7 Nc3 0-1

[Event "Seniorentoernooi 2016"]
[Site "Dieren, "]
[Date "2016.07.23"]
[Round "7"]
[White "Arp, Frans"]
[Black "Van Wageningen, Arie"]
[Result "0-1"]
[WhiteElo "2002"]
[BlackElo "2023"]
[PlyCount "84"]
[EventDate "2016.??.??"]

1. e4 e6 2. d4 d5 3. e5 b6 4. c3 Qd7 5. Bd3 Ba6 6. Nf3 Bxd3 7. Qxd3 c5 8. O-O
Nc6 9. b3 Rc8 10. Na3 h5 11. Nc2 Nh6 12. dxc5 Bxc5 13. b4 Be7 14. a3 Qc7 15.
Bxh6 Rxh6 16. Ncd4 Nxe5 17. Nxe5 Qxe5 18. Qb5+ Kf8 19. Rfe1 Qc7 20. Rac1 Bd6
21. h3 g5 22. Qa6 Bh2+ 23. Kh1 Bf4 24. Rc2 Qd7 25. a4 Bb8 26. a5 bxa5 27. bxa5
Qc7 28. g3 h4 29. Rxe6 fxe6 30. Nxe6+ Rxe6 31. Qxe6 Re8 32. Qf6+ Qf7 33. Qh8+
Ke7 34. Re2+ Kd7 35. Rxe8 Qxe8 36. Qh7+ Qe7 37. Qg8 Qe4+ 38. Kg1 hxg3 39. fxg3
Qe1+ 40. Kg2 Qxg3+ 41. Kf1 Qxh3+ 42. Ke2 Qe6+ 0-1

[Event "Seniorentoernooi 2016"]
[Site "Dieren, "]
[Date "2016.07.23"]
[Round "7"]
[White "Fassaert, Désiré"]
[Black "Klein Douwel, John"]
[Result "1/2-1/2"]
[WhiteElo "1924"]
[BlackElo "1902"]
[PlyCount "21"]
[EventDate "2016.??.??"]

1. c4 e6 2. Nf3 Nf6 3. e3 d5 4. Nc3 Be7 5. d4 O-O 6. Bd3 b6 7. O-O Bb7 8. b3
dxc4 9. Bxc4 c5 10. Bb2 Nc6 11. dxc5 1/2-1/2

[Event "Seniorentoernooi 2016"]
[Site "Dieren, "]
[Date "2016.07.23"]
[Round "7"]
[White "Wagenaar, Harm Theo"]
[Black "Holscher, Peter"]
[Result "0-1"]
[WhiteElo "1900"]
[BlackElo "2079"]
[PlyCount "154"]
[EventDate "2016.??.??"]

1. c4 e6 2. g3 d5 3. Bg2 Nf6 4. Nf3 Nbd7 5. Qc2 Be7 6. O-O O-O 7. d4 c6 8. Rd1
b6 9. b3 Bb7 10. Nc3 Rc8 11. e4 h6 12. e5 Nh7 13. Qe2 Ba6 14. Bb2 Qc7 15. Rac1
Qb8 16. a4 Rfe8 17. Nd2 c5 18. Nb5 dxc4 19. Nxc4 Bxb5 20. axb5 cxd4 21. Bc6
Red8 22. Bxd4 Nc5 23. Bxc5 Bxc5 24. Rxd8+ Rxd8 25. Rd1 Nf8 26. Kg2 Ng6 27. f4
Ne7 28. Rxd8+ Qxd8 29. Qd2 Qxd2+ 30. Nxd2 Kf8 31. Bb7 Ke8 32. Kf3 Kd7 33. Nc4
Kc7 34. Be4 f5 35. Bd3 Nd5 36. Nd2 Kd7 37. Bc4 Nb4 38. Nf1 Nc2 39. Ke2 Ke7 40.
Kd2 Nb4 41. Ne3 g5 42. Bf1 Bd4 43. Bg2 Bxe3+ 44. Kxe3 Nc2+ 45. Kd2 Nd4 46. Kc3
Nxb5+ 47. Kc4 Nc7 48. Bc6 Kf7 49. Bb7 a5 50. Bc6 Ke7 51. Kd4 Na6 52. Kc4 Nc5
53. Kb5 Nxb3 54. Kxb6 Nd4 55. Ba4 gxf4 56. gxf4 Ne2 57. Kxa5 Nxf4 58. Kb4 Nd3+
59. Kc3 Nxe5 60. Bd1 Kf6 61. Kd4 Ng6 62. Ke3 e5 63. Bc2 Kg5 64. Kf3 Nh4+ 65.
Kg3 e4 66. Bd1 h5 67. Be2 f4+ 68. Kf2 f3 69. Bf1 Kf4 70. Ba6 e3+ 71. Kf1 Nf5
72. Bd3 h4 73. Ba6 Nd4 74. Bd3 Nb3 75. Ba6 Nd2+ 76. Kg1 h3 77. Bb5 f2+ 0-1

[Event "Seniorentoernooi 2016"]
[Site "Dieren, "]
[Date "2016.07.23"]
[Round "7"]
[White "Goossen, Theo"]
[Black "Seeleman, Jan"]
[Result "0-1"]
[WhiteElo "1991"]
[BlackElo "1943"]
[PlyCount "56"]
[EventDate "2016.??.??"]

1. e4 c5 2. Nf3 Nc6 3. c3 Nf6 4. e5 Nd5 5. d4 cxd4 6. cxd4 d6 7. exd6 Qxd6 8.
Nc3 e6 9. Be2 a6 10. O-O Be7 11. Ne4 Qd8 12. a3 h6 13. Ne5 Nxe5 14. dxe5 b5 15.
Re1 Bb7 16. Bd3 O-O 17. b4 f5 18. exf6 Bxf6 19. Nxf6+ Qxf6 20. Ra2 Nc3 21. Qd2
Nxa2 22. Qxa2 Bd5 23. Qd2 Rad8 24. Bb2 Qf7 25. Qe3 Bxg2 26. Kxg2 Rxd3 27. Qxe6
Rd2 28. Bc1 Rxf2+ 0-1